000 00532nam a2200181Ia 4500
005 20250326124219.0
008 250326s9999 xx 000 0 und d
037 _aTextbook
040 _aFMSL
_beng
_cFMSL
041 _aeng
_2eng
084 _aX:51obF943 M1;1
_qFMSL
100 _aNarag A S
_9246447
245 0 _aMarketing strategy for vegetable oils in India
_cNarag A S
260 _aNew Delhi
_bNew Delhi, K P Bagchi
_c1981
300 _a154p
942 _cTB
_hX:51obF943 M1;1
999 _c1272771
_d1272771